| 000 | 00407nam a2200157Ia 4500 | ||
|---|---|---|---|
| 008 | 230711s9999||||xx |||||||||||||| ||und|| | ||
| 041 | _aENG | ||
| 082 |
_a5.1 _bST-T |
||
| 100 | _aStanley,William D | ||
| 245 | 0 | _aTechnical analysis and applications with matlab | |
| 250 | _a2nd Ed. | ||
| 260 |
_c2008 _aNew Delhi _bThomson Delmar Learning |
||
| 300 | _a494 | ||
| 650 | _aComputer Engineering | ||
| 942 | _cBK | ||
| 999 |
_c5142 _d5142 |
||